Los grandes temas de la planificación regional: Balance de Gestión Región de Valparaíso. Marzo 1994-Marzo 1997

Spremljeno u:
Bibliografski detalji
Autor kompanije: MIDEPLAN. Ministerio de Planificación y Cooperación (Autor)
Format: Knjiga
Jezik:španjolski
Izdano: Valparaíso MIDEPLAN. Ministerio de Planificación y Cooperación 1997
Teme:
Oznake: Dodaj oznaku
Bez oznaka, Budi prvi tko označuje ovaj zapis!

MARC

LEADER 00000nam a2200000 a 4500
001 UCG1735
003 CL-VaPUC
008 100513e19970300CL |||||||||||||||||spa|d
082 0 4 |a 711.4  |b MID  |2 21 
110 2 |a MIDEPLAN. Ministerio de Planificación y Cooperación  |e author  |9 549724 
245 1 4 |a Los grandes temas de la planificación regional: Balance de Gestión Región de Valparaíso. Marzo 1994-Marzo 1997 
300 |a 12 p 
942 |c BK 
945 |d 20100513 00:00:00  |a dcastane 
260 |a Valparaíso  |b MIDEPLAN. Ministerio de Planificación y Cooperación  |c 1997 
650 0 |a Planificación regional   |9 257050 
650 0 |a Planificación urbana   |9 258176 
650 0 |a Desarrollo regional  |9 354599 
650 0 |a Desarrollo social  |9 264534 
583 |a last modification  |c 20100513 00:00:00  |k Rodrigo Vera 
999 |c 340998  |d 340996 
952 |0 0  |1 0  |4 0  |6 711_400000000000000_MID_1997  |7 0  |8 X  |9 436208  |a FDOBUD  |b FDOBUD  |d 2019-11-22  |i 4672380  |o 711.4 MID 1997  |p 4672380  |r 2019-11-22  |w 2019-11-22  |y BK_X  |k BUD